000 00519nam a2200181Ia 4500
005 20250508163815.0
008 008 250505s9999 xx 000 0 eng d
037 _aTextual
040 _aFEDL
_beng
_cFEDL
041 _aeng
_2eng
084 _a305.4, ZAF
_qFEDL
100 _aFareeha Zafar
_9776412
245 0 _aFinding our way readings on women in Pakistan
260 _aLahore, Pakistan
_bASR Publications
_c1991
300 _axxi,335p.
942 _cTEXL
_h305.4, ZAF
999 _c1385370
_d1385370